Kabyanjali (Record no. 8694)

MARC details
000 -LEADER
fixed length control field 00499cam a2200205ua 4500
001 - CONTROL NUMBER
control field 9685
005 - DATE AND TIME OF LATEST TRANSACTION
control field 20260515114518.0
008 - FIXED-LENGTH DATA ELEMENTS--GENERAL INFORMATION
fixed length control field 160319n ii |||gr||||Z||||||hin
020 ## - INTERNATIONAL STANDARD BOOK NUMBER
International Standard Book Number 9788190866835
040 ## - CATALOGING SOURCE
Transcribing agency MAIN
041 ## - LANGUAGE CODE
Language code of text/sound track or separate title hin
082 ## - DEWEY DECIMAL CLASSIFICATION NUMBER
Classification number 891.431
100 ## - MAIN ENTRY--PERSONAL NAME
Personal name Sahay, Alakh Niranjan,
Relator term Editor.
245 1# - TITLE STATEMENT
Title Kabyanjali
Statement of responsibility, etc. ed. by Alakh Niranjan Sahay
250 ## - EDITION STATEMENT
Edition statement 3rd ed.
260 ## - PUBLICATION, DISTRIBUTION, ETC.
Place of publication, distribution, etc. Dibrugarh:
Name of publisher, distributor, etc. Mahaveer publications,
Date of publication, distribution, etc. 2015.
300 ## - PHYSICAL DESCRIPTION
Extent 116p.
653 ## - INDEX TERM--UNCONTROLLED
Uncontrolled term Hindi poem
942 ## - ADDED ENTRY ELEMENTS (KOHA)
Koha item type Books
Holdings
Withdrawn status Lost status Damaged status Not for loan Home library Current library Shelving location Date acquired Total checkouts Full call number Barcode Date last seen Copy number Price effective from Koha item type
        Naharkatiya College Library Naharkatiya College Library General stacks 09/19/2020   891.431 | KAB 23270 09/19/2020 3 09/19/2020 Books
        Naharkatiya College Library Naharkatiya College Library General stacks 09/19/2020   891.431 | KAB 23271 09/19/2020 2 09/19/2020 Books
        Naharkatiya College Library Naharkatiya College Library General stacks 09/19/2020   891.431 | KAB 23272 09/19/2020 1 09/19/2020 Books